000 01167cam a22003377a 4500
003 CHAP
005 20220329142242.0
008 000329d1996 es a r 00110 spa d
010 _a80589
011 _a81561
020 _a8429171894
035 _a92034
040 _cCHAP
082 0 4 _a539.14
_bC3
100 0 0 _aCasabo i Gispert, Jaume.
_919723
245 1 0 _aEstructura atómica y enlace químico
_c/por Jaume Casabo i Gispert
260 _aBarcelona :
_bReverté,
_c1996.
300 _a392 p. :
_bilus. ; gráfs.
590 _aBATCH-UPD
_b10
_c20130110
_lUCH01
_h0410
590 _aBATCH-UPD
_b10
_c20130410
_lUCH01
_h0044
590 _aBATCH-UPD
_b10
_c20130914
_lUCH01
_h0854
590 _aCONVERSION
_b10
_c20130109
_lUCH01
_h1345
650 1 4 _aEnlaces químicos.
_937002
650 1 4 _aEstructura atómica.
_938482
901 _aBK
905 _aGuadalupe Pinto C.
942 _cLIBRO
949 _a539.14 C3
_bBC
_cLIBRO
_d33724000757225
_eLIBRO
_h96924
_i92034
_si
949 _a539.14 C3
_bBC
_cLIBRO
_d33724000791539
_eLIBRO
_fc.2
_gI.207170
_h98772
_i92034
_si
_t253.30
949 _a539.14 C3
_bBC
_cLIBRO
_d33724000817029
_eLIBRO
_fc.3
_gI.210865
_h99603
_i92034
_si
_t$253.30
999 _c80589
_d80589